Every Manchester United Goal Scorer in the 2011/12 Premier League - Statistics

General Stats
  • This quiz has been taken 20 times
  • The average score is 73 of 87
Answer Stats
Game Scorer % Correct
West Bromwich Albion (A) Rooney
100%
Tottenham Hotspur (H) Rooney
100%
Arsenal (H) Rooney
100%
Arsenal (H) Rooney
100%
Arsenal (H) Rooney
100%
Bolton Wanderers (A) Rooney
100%
Bolton Wanderers (A) Rooney
100%
Bolton Wanderers (A) Rooney
100%
Chelsea (H) Rooney
100%
Wolverhampton Wanderers (H) Rooney
100%
Wolverhampton Wanderers (H) Rooney
100%
Queens Park Rangers (A) Rooney
100%
Fulham (A) Rooney
100%
Chelsea (A) Rooney
100%
Chelsea (A) Rooney
100%
Liverpool (H) Rooney
100%
Liverpool (H) Rooney
100%
Tottenham Hotspur (A) Rooney
100%
West Bromwich Albion (H) Rooney
100%
West Bromwich Albion (H) Rooney
100%
Fulham (H) Rooney
100%
Queens Park Rangers (H) Rooney
100%
Aston Villa (A) Rooney
100%
Aston Villa (A) Rooney
100%
Everton (H) Rooney
100%
Everton (H) Rooney
100%
Sunderland (A) Rooney
100%
Fulham (A) Giggs
89%
Norwich City (A) Giggs
89%
Arsenal (H) Nani
89%
Chelsea (H) Nani
89%
Stoke City (A) Nani
89%
Wolverhampton Wanderers (H) Nani
89%
Wolverhampton Wanderers (H) Nani
89%
Fulham (A) Nani
89%
Aston Villa (A) Nani
89%
Everton (H) Nani
89%
Fulham (A) Berbatov
84%
Wigan Athletic (H) Berbatov
84%
Wigan Athletic (H) Berbatov
84%
Wigan Athletic (H) Berbatov
84%
Blackburn Rovers (H) Berbatov
84%
Blackburn Rovers (H) Berbatov
84%
Stoke City (H) Berbatov
84%
Bolton Wanderers (H) Scholes
84%
Norwich City (A) Scholes
84%
Queens Park Rangers (H) Scholes
84%
Swansea City (H) Scholes
84%
Wigan Athletic (H) Valencia
79%
Arsenal (H) Valencia
79%
Wolverhampton Wanderers (A) Valencia
79%
Blackburn Rovers (A) Valencia
79%
Tottenham Hotspur (H) Welbeck
79%
Arsenal (H) Welbeck
79%
Norwich City (H) Welbeck
79%
Fulham (A) Welbeck
79%
Bolton Wanderers (H) Welbeck
79%
Arsenal (H) Welbeck
79%
Wolverhampton Wanderers (A) Welbeck
79%
Aston Villa (A) Welbeck
79%
Everton (H) Welbeck
79%
Queens Park Rangers (A) Carrick
74%
Bolton Wanderers (H) Carrick
74%
Arsenal (H) Young
74%
Arsenal (H) Young
74%
Tottenham Hotspur (A) Young
74%
Tottenham Hotspur (A) Young
74%
Blackburn Rovers (A) Young
74%
Swansea City (H) Young
74%
Manchester City (H) Fletcher
68%
Bolton Wanderers (A) Hernandez
68%
Bolton Wanderers (A) Hernandez
68%
Liverpool (A) Hernandez
68%
Everton (A) Hernandez
68%
Swansea City (A) Hernandez
68%
Newcastle United (H) Hernandez
68%
Stoke City (H) Hernandez
68%
Chelsea (A) Hernandez
68%
Wolverhampton Wanderers (A) Hernandez
68%
Wolverhampton Wanderers (A) Hernandez
68%
Arsenal (H) Park
68%
Wigan Athletic (H) Park
68%
Wolverhampton Wanderers (A) Evans
63%
Tottenham Hotspur (H) Anderson
58%
Norwich City (H) Anderson
58%
Aston Villa (H) Jones
47%
Chelsea (H) Smalling
42%
No matching quizzes found
Score Distribution
Percent of People with Each Score
Percentile by Number Answered
Your Score History
You have not taken this quiz